000 01234njm a22003017a 4500
005 2010091601521.0
007 sd ammalaaahaa
008 100904t xxu||||| |||| 00| 0 hin d
028 _aLH. 26
_bHindustan Records
028 _a7TJE. 215
_bHindustan Records
028 _a7TJE. 216
_bHindustan Records
035 _aGR-02787
040 _aSED/VEN
100 _aSaigal, K.L.
_91184
245 _aUrdu Song Side-1, Nukta Chyon Hai Game Dil; Part-1:
_bHindustani /
_cby K.L. Saigal
_h[Sound Recording] :
246 _aनुक्ता चों है गमे दिल (के.एल. सहगल)
260 _aDum Dum, India :
_bHindustan Records
300 _a1 sound disc [Gramophone Recording] :
_banalog, 33 1/3 rpm ;
_c7 in. [SP]
_fGramophone Records
500 _aBrief Records
500 _aRecord Labels: Hindustan Records,Cream
505 _aUrdu Song Side-2;,फिर मुझे दीदये तर (के.एल. सहगल) Part 2
600 _aSehgal. K.L.
_920259
650 _aClassical Music
_xExcerpts
_zIndia
_918309
700 _918319
700 _918320
942 _2ddc
_cGR
999 _c46066
_d46066